000
00218 a2200109 4500
020
_a
7689968123667
041
_a
spa
100
_a
morales cordero, elsa maria
245
_a
a los numeros 2
942
_c
BK
952
_7
1
999
_c
18237
_d
18237